| Tag |
First Indicator |
Second Indicator |
Subfields |
| LEADER |
00000cam a2200000 a 4500 |
| 001 |
in00000073846 |
| 005 |
20151008054725.0 |
| 008 |
800904s1980 nyu 00110 engm |
| 010 |
|
|
|a 79003661
|
| 020 |
|
|
|a 0155308408
|
| 035 |
|
|
|a (OCoLC)06761338
|
| 035 |
|
|
|9 AAJ1498AM
|
| 040 |
|
|
|a DLC
|c DLC
|d m.c.
|d TXA
|d UtOrBLW
|
| 049 |
|
|
|a TXAM
|c [932942]
|
| 050 |
0 |
0 |
|a PE1115
|b .W622
|
| 082 |
0 |
|
|a 808/.066651021
|2 19
|
| 100 |
1 |
|
|a Whalen, Doris H.
|
| 245 |
1 |
0 |
|a Handbook of business English /
|c Doris H. Whalen.
|
| 264 |
|
1 |
|a New York :
|b Harcourt, Brace, Jovanovich,
|c [1980]
|
| 264 |
|
4 |
|c ©1980
|
| 300 |
|
|
|a xviii, 264 pages ;
|c 24 cm.
|
| 336 |
|
|
|a text
|b txt
|2 rdacontent
|
| 337 |
|
|
|a unmediated
|b n
|2 rdamedia
|
| 338 |
|
|
|a volume
|b nc
|2 rdacarrier
|
| 500 |
|
|
|a Includes index.
|
| 520 |
|
|
|a A handbook of English grammar to be used as a text in business English courses or by a business person already on the job. Includes tables, exercises, and a glossary.
|
| 650 |
|
0 |
|a English language
|x Business English.
|
| 650 |
|
1 |
|a English language
|x Business English.
|
| 650 |
|
1 |
|a English language
|x Grammar.
|
| 999 |
|
|
|a MARS
|
| 999 |
f |
f |
|s d0ccd6c0-64d2-3fb8-9e29-87d382377f25
|i a5594685-525f-33e2-8a6b-b40002ab67da
|t 0
|
| 952 |
f |
f |
|p ric
|a Texas A&M University
|b Rellis Campus
|c Joint Library Facility
|s JLF
|d Remote Storage
|t 0
|e PE1115 .W622
|h Library of Congress classification
|i unmediated -- volume
|m A14806174618
|
| 998 |
f |
f |
|a PE1115 .W622
|t 0
|l Remote Storage
|